书目信息 |
| 题名: |
光声学和光声谱学
|
|
| 作者: | 罗森威格 著 ;王耀俊 译 | |
| 分册: | ||
| 出版信息: | 北京 科学出版社 1986.9 |
|
| 页数: | 307页 | |
| 开本: | 20cm | |
| 丛书名: | ||
| 单 册: | ||
| 中图分类: | O429 | |
| 科图分类: | ||
| 主题词: | 声学 | |
| 电子资源: | ||
| ISBN: | ||
| 000 | 00565nam0 2200205 45 | |
| 001 | 0312221749 | |
| 005 | 20040521094320.1 | |
| 010 | @dCNY2.35 | |
| 100 | @a20031222d1986 km y0chiy0120 ea | |
| 101 | @achi | |
| 105 | @a z 000yy | |
| 200 | 1 | @a光声学和光声谱学@AGuang Sheng Xue He Guang Sheng Pu Xue@f(美)罗森威格著@F(Mei)Luo Sen Wei Ge Zhu@g王耀俊等译 |
| 210 | @a北京@c科学出版社@d1986.9 | |
| 215 | @a307页@d20cm | |
| 606 | 0 | @a声学 |
| 690 | @aO429@v3 | |
| 701 | 0 | @a罗森威格@4著 |
| 702 | 0 | @a王耀俊@4译 |
| 801 | @aCN@bTSTCL@c20031222 | |
| 905 | @dO429@e11 | |
| 光声学和光声谱学/(美)罗森威格著/王耀俊等译.-北京:科学出版社,1986.9 |
| 307页;20cm |
| ISBN :CNY2.35 |
| ● |
| 相关链接 |
|
|
|
|
正题名:光声学和光声谱学
索取号:O429/11
 
预约/预借
| 序号 | 登录号 | 条形码 | 馆藏地/架位号 | 状态 | 备注 |
| 1 | 0166276 | 001462223 | 第三借阅区/ [索取号:O429/11] | 在馆 | |
| 2 | 0166277 | 001462232 | 第二样本阅览室/ [索取号:O429/11] | 在馆 |